教出自主學習的孩子 : (Record no. 7697)

MARC details
000 -LEADER
fixed length control field 01311cam a2200337 4500
001 - CONTROL NUMBER
control field 520369
003 - CONTROL NUMBER IDENTIFIER
control field YEEZEN
005 - DATE AND TIME OF LATEST TRANSACTION
control field 20260310145957.0
008 - FIXED-LENGTH DATA ELEMENTS--GENERAL INFORMATION
fixed length control field 251201s2025 ch a e b 000 0 chi d
020 ## - INTERNATIONAL STANDARD BOOK NUMBER
International Standard Book Number 9786263906372
Qualifying information (平裝) :
Terms of availability NT$480
040 ## - CATALOGING SOURCE
Language of cataloging chi
Transcribing agency 竹市CSIN
Description conventions CCR
041 1# - LANGUAGE CODE
Language code of text/sound track or separate title chi
Language code of original ger
042 ## - AUTHENTICATION CODE
Authentication code nbic
084 ## - OTHER CLASSIFICATION NUMBER
Classification number 528.2
Number source ncsclt
090 ## - LOCALLY ASSIGNED LC-TYPE CALL NUMBER (OCLC); LOCAL CALL NUMBER (RLIN)
Classification number (OCLC) (R) ; Classification number, CALL (RLIN) (NR) 528.2
Local cutter number (OCLC) ; Book number/undivided call number, CALL (RLIN) 8434
100 1# - MAIN ENTRY--PERSONAL NAME
Personal name 聖安吉
Titles and words associated with a name (St. Ange, Caroline von)
245 10 - TITLE STATEMENT
Title 教出自主學習的孩子 :
Remainder of title 德國名師教你使用成長型學習思維, 找回孩子主動學習的動機與專注力 /
Statement of responsibility, etc. 卡洛琳娜.馮.聖安吉(Caroline von St. Ange)著 ; 江鈺婷譯
246 10 - VARYING FORM OF TITLE
Title proper/short title 德國名師教你使用成長型學習思維, 找回孩子主動學習的動機與專注力
246 11 - VARYING FORM OF TITLE
Title proper/short title Alles ist schwer, bevor es leicht ist :
Remainder of title Wie Lernen gelingt.
246 11 - VARYING FORM OF TITLE
Title proper/short title Wie Lernen gelingt.
250 ## - EDITION STATEMENT
Edition statement 初版
260 ## - PUBLICATION, DISTRIBUTION, ETC.
Place of publication, distribution, etc. 臺北市 :
Name of publisher, distributor, etc. 商周出版 :
-- 家庭傳媒城邦分公司發行,
Date of publication, distribution, etc. 2025.09.
300 ## - PHYSICAL DESCRIPTION
Extent [16], 303面 :
Other physical details 部份彩圖 ;
Dimensions 21公分
500 ## - GENERAL NOTE
General note 譯自: Alles ist schwer, bevor es leicht ist : Wie Lernen gelingt.
504 ## - BIBLIOGRAPHY, ETC. NOTE
Bibliography, etc. note 參考書目: 面302-303.
650 #7 - SUBJECT ADDED ENTRY--TOPICAL TERM
Topical term or geographic name entry element 親職教育
Source of heading or term lcstt.
650 #7 - SUBJECT ADDED ENTRY--TOPICAL TERM
Topical term or geographic name entry element 子女教育
Source of heading or term lcstt.
650 #7 - SUBJECT ADDED ENTRY--TOPICAL TERM
Topical term or geographic name entry element 學習心理學
Source of heading or term lcstt.
700 1# - ADDED ENTRY--PERSONAL NAME
Personal name 江鈺婷
942 ## - ADDED ENTRY ELEMENTS (KOHA)
Source of classification or shelving scheme 中文圖書分類法
Koha item type 一般圖書
Holdings
撤銷狀態 遺失狀態 分類號來源 損壞狀態 不外借 永久館藏地 現在館藏地 書架位置 採購日期 全部借出 全部續借 完整索書號 條碼號 還書日 最後一次日期記錄 Date last checked out 一般價格有效日期 Koha館藏類型 公開資訊
未註銷館藏 未遺失 中文圖書分類法 未損毀 可外借 怡仁綜合醫院圖書館 怡仁綜合醫院圖書館   2026-03-10 2 1 528.2 C03280 2026-04-23 2026-04-09 2026-04-09 2026-03-10 一般圖書 這是所有家長、父母內心最大的疑問: 「到底要怎麼讓孩子乖乖自己學習啊?」 讓德國【學習教練】卡洛琳.馮.聖安吉告訴你, 如何善用成長型學習思維,讓孩子在學習上找回動機,還有無窮樂趣!
怡仁醫院| 地址:32643桃園市楊梅區楊新北路321巷30號 | 服務專線:03-4855566 | 電子郵件信箱:
Copyright © 1996 CHC Hospital